Macroeconomics (Record no. 256578)
[ view plain ]
| 000 -LEADER | |
|---|---|
| fixed length control field | 00466nam a22001817a 4500 |
| 003 - CONTROL NUMBER IDENTIFIER | |
| control field | OSt |
| 005 - DATE AND TIME OF LATEST TRANSACTION | |
| control field | 20170628105752.0 |
| 008 - FIXED-LENGTH DATA ELEMENTS--GENERAL INFORMATION | |
| fixed length control field | 170628b xxu||||| |||| 00| 0 eng d |
| 010 ## - LIBRARY OF CONGRESS CONTROL NUMBER | |
| LC control number | 2011926274 |
| 020 ## - INTERNATIONAL STANDARD BOOK NUMBER | |
| International Standard Book Number | 9780538453646 |
| International Standard Book Number | 0538453648 |
| 040 ## - CATALOGING SOURCE | |
| Transcribing agency | ru |
| 100 ## - MAIN ENTRY--PERSONAL NAME | |
| Personal name | William J. Baumol, Alan S. Blinder |
| 245 ## - TITLE STATEMENT | |
| Title | Macroeconomics |
| Remainder of title | principles and policy |
| 250 ## - EDITION STATEMENT | |
| Edition statement | 12th ed. |
| 260 ## - PUBLICATION, DISTRIBUTION, ETC. (IMPRINT) | |
| Name of publisher, distributor, etc | South western, cengage learning |
| Date of publication, distribution, etc | 2012 |
| 942 ## - ADDED ENTRY ELEMENTS (KOHA) | |
| Source of classification or shelving scheme | Library of Congress Classification |
| Koha item type | Long Loan Books |
| Withdrawn status | Lost status | Source of classification or shelving scheme | Damaged status | Not for loan | Collection code | Home library | Current library | Shelving location | Date acquired | Total Checkouts | Full call number | Barcode | Date last seen | Date checked out | Price effective from | Koha item type |
|---|---|---|---|---|---|---|---|---|---|---|---|---|---|---|---|---|
| Library of Congress Classification | Non-fiction | Rongo University Library | Rongo Town Campus Library | General Stacks | 24/07/2017 | HB171.5 .B322 2012 | 2017256578 | 21/06/2018 | 24/07/2017 | Long Loan Books | ||||||
| Library of Congress Classification | Non-fiction | Rongo University Library | Rongo University Library | General Stacks | 28/06/2017 | 1 | HB171.5 .B322 2012 | 201700431 | 06/03/2020 | 18/02/2020 | 28/06/2017 | Long Loan Books |
